MARC details
| 000 -LEADER |
| fixed length control field |
02599cam a22003854a 4500 |
| 001 - CONTROL NUMBER |
| control field |
6958578 |
| 003 - CONTROL NUMBER IDENTIFIER |
| control field |
ARRUPE |
| 005 - DATE AND TIME OF LATEST TRANSACTION |
| control field |
20160229140121.0 |
| 008 - FIXED-LENGTH DATA ELEMENTS--GENERAL INFORMATION |
| fixed length control field |
080627s2008 tnua b 010 0 eng |
| 010 ## - LIBRARY OF CONGRESS CONTROL NUMBER |
| LC control number |
2008028763 |
| 020 ## - INTERNATIONAL STANDARD BOOK NUMBER |
| International Standard Book Number |
9780687647392 (binding: pbk. with layflat binding : alk. paper) |
| 020 ## - INTERNATIONAL STANDARD BOOK NUMBER |
| International Standard Book Number |
0687647398 (binding: pbk. with layflat binding : alk. paper) |
| 024 ## - OTHER STANDARD IDENTIFIER |
| Standard number or code |
40016139150 |
| 035 ## - SYSTEM CONTROL NUMBER |
| System control number |
(OCoLC)ocn229432627 |
| 035 ## - SYSTEM CONTROL NUMBER |
| System control number |
(OCoLC)229432627 |
| 035 ## - SYSTEM CONTROL NUMBER |
| System control number |
(NNC)6958578 |
| 040 ## - CATALOGING SOURCE |
| Original cataloging agency |
DLC |
| Transcribing agency |
DLC |
| Modifying agency |
YDXCP |
| -- |
BTCTA |
| -- |
BAKER |
| -- |
C#P |
| -- |
OrLoB-B |
| 050 00 - LIBRARY OF CONGRESS CALL NUMBER |
| Classification number |
BS2393 |
| Item number |
.B48 2008 |
| 082 00 - DEWEY DECIMAL CLASSIFICATION NUMBER |
| Classification number |
225.6 |
| Edition number |
22 |
| 300 ## - PHYSICAL DESCRIPTION |
| Other physical details |
ill. ; |
| Dimensions |
23 cm. |
| 245 00 - TITLE STATEMENT |
| Title |
Between experience and interpretation : |
| Remainder of title |
engaging the writings of the New Testament / |
| Statement of responsibility, etc |
edited by Mary F. Foskett and O. Wesley Allen, Jr. |
| 260 ## - PUBLICATION, DISTRIBUTION, ETC. (IMPRINT) |
| Place of publication, distribution, etc |
Nashville : |
| Name of publisher, distributor, etc |
Abingdon Press, |
| Date of publication, distribution, etc |
c2008. |
| 300 ## - PHYSICAL DESCRIPTION |
| Extent |
xvi, 262 p. : |
| 500 ## - GENERAL NOTE |
| General note |
Festschrift for Luke Timothy Johnson. |
| 504 ## - BIBLIOGRAPHY, ETC. NOTE |
| Bibliography, etc |
"Select bibliography of works by Luke Timothy Johnson": p. 253-262. |
| 504 ## - BIBLIOGRAPHY, ETC. NOTE |
| Bibliography, etc |
Includes bibliographical references (p. 217-251). |
| 505 00 - FORMATTED CONTENTS NOTE |
| Title |
Religious experience in the New Testament / |
| Statement of responsibility |
James D. G. Dunn -- |
| Title |
Spiritual sacrifices in early Christianity / |
| Statement of responsibility |
Daniel J. Harrington -- |
| Title |
"Speaking the very words of God" : New Testament perspectives on the characteristics of Christian speech / |
| Statement of responsibility |
Donald Senior -- |
| Title |
"For the glory of God" : theology and experience in Paul's letter to the Romans / |
| Statement of responsibility |
Beverly Roberts Gaventa -- |
| Title |
Ecstasy and Exousia : religious experience and the negotiation of social power in Paul's letter to the Galatians / |
| Statement of responsibility |
Sze-kar wan -- |
| Title |
The Beatitudes : Jesus' recipe for happiness? / |
| Statement of responsibility |
Carl R. Holladay -- |
| Title |
Kerygma and Midrash : a conversation with Luke Timothy Johnson and C. H. Dodd / |
| Statement of responsibility |
Richard B. Hays -- |
| Title |
Jesus made real in music : La Pasion segun San Marcos and Luke Timothy Johnson's experience/interpretation model / |
| Statement of responsibility |
Gail R. O'Day -- |
| Title |
"Watch how you hear" : the healing of kophoi ("deaf-mute"] persons in Luke / |
| Statement of responsibility |
Dennis Hamm -- |
| Title |
From the servant in Isaiah to Jesus and the apostles in Luke-Acts to Christians today : spirit-filled witness to the ends of the Earth / |
| Statement of responsibility |
William S. Kurz -- |
| Title |
Swallowing Jonah : scripture and identity in early Christianity / |
| Statement of responsibility |
Wayne A. Meeks. |
| 600 10 - SUBJECT ADDED ENTRY--PERSONAL NAME |
| Personal name |
Johnson, Luke Timothy. |
| 9 (RLIN) |
4200 |
| 630 00 - SUBJECT ADDED ENTRY--UNIFORM TITLE |
| Uniform title |
Bible. |
| Name of part/section of a work |
New Testament |
| General subdivision |
Criticism, interpretation, etc. |
| 9 (RLIN) |
22543 |
| 700 1# - ADDED ENTRY--PERSONAL NAME |
| Personal name |
Foskett, Mary F., |
| Dates associated with a name |
1961- |
| 9 (RLIN) |
22544 |
| 700 1# - ADDED ENTRY--PERSONAL NAME |
| Personal name |
Allen, O. Wesley, |
| Dates associated with a name |
1965- |
| 9 (RLIN) |
22545 |
| 700 1# - ADDED ENTRY--PERSONAL NAME |
| Personal name |
Johnson, Luke Timothy. |
| 9 (RLIN) |
4200 |
| 900 ## - EQUIVALENCE OR CROSS-REFERENCE-PERSONAL NAME [LOCAL, CANADA] |
| Numeration |
TOC |
| 942 ## - ADDED ENTRY ELEMENTS (KOHA) |
| Source of classification or shelving scheme |
Library of Congress Classification |
| Koha item type |
Monograph ( Printed materials) |
| 948 1# - LOCAL PROCESSING INFORMATION (OCLC); SERIES PART DESIGNATOR (RLIN) |
| Series part designator, SPT (RLIN) |
20081223 |
| b (OCLC) |
c |
| c (OCLC) |
sl13 |
| d (OCLC) |
MPS |